Technology by Letter: W - Statistics

General Stats
  • This quiz has been taken 24 times
  • The average score is 7 of 12
Answer Stats
Hint Answer % Correct
Removes rain from your car's front window Windshield wiper
87%
Gaming console Wii
83%
String of metal for electricity Wire
83%
Joining two pieces of metal Welding
74%
Internet over radio waves Wi-Fi
61%
Locomotion support for the elderly Walker
57%
One of the first technologies Wheel
57%
American for Spanner Wrench
57%
Household time saver #1 Washing machine
52%
Inventor of the steam engine Watt
52%
You can look through this one Window
52%
Spaceship propulsion invented in 2063 Warp drive
30%
No matching quizzes found
Score Distribution
Percent of People with Each Score
Percentile by Number Answered
Your Score History
You have not taken this quiz